00651nam a2200217Ia 450000500170000000800410001702000130005804000190007104100120009008200200010224500670012226000310018930000170022044000420023750400400027963000340031965000280035365100190038170000230040085000100042320230109152328.0131103s9999 xx 000 0 und d a48210315 aLoreto College aEnglish a821.4bDRY- MAC aCritics on DrydencEdited by Robert McHenry and David G.Lougee aLondonbGeorge Allenc1973 aviii,114 p.  aReadings in literary criticism; No.15 aIncludes bibliographical references a17th century poet - Criticism aDryden,John,1631 - 1700 aEnglish Poetry aMcHenry,Robert,ed. aLCLIB